| 000 | 00467nam a22001697a 4500 | ||
|---|---|---|---|
| 008 | 161126s2015 gt||||| |||| 00| 0 spa d | ||
| 082 | 0 | 4 |
_a861 _bH967c |
| 100 | 1 |
_aHurtarte, Luis. _95631 |
|
| 245 | 1 | 0 |
_aCiudad Desierta / _cLuis Hurtarte ; UIP. |
| 250 | _a1a ed. | ||
| 260 |
_aGuatemala : _bUIP, S.o.P.A, _c2015. |
||
| 300 |
_a48 p. _bil. |
||
| 653 | 1 | 0 | _aLiteratura Latinoamericana |
| 653 | 1 | 0 | _aPoesía - Guatemala |
| 653 | 1 | 0 | _aPoesía - Arte |
| 710 | 1 |
_aUIP. _95632 |
|
| 999 |
_c1096 _d1096 |
||